| 000 | 00692nam a2200229Ia 4500 | ||
|---|---|---|---|
| 003 | BUBTL | ||
| 008 | 151213s9999 xx 000 0 und d | ||
| 020 | _a0-07-015524-0 | ||
| 082 |
_a658.4'08 _bDAB |
||
| 100 | _aKeith Davis/Robert L.Blomstrom | ||
| 245 |
_aBusiness & Society Environment & Responsibility _cKeith Davis/Robert L.Blomstrom |
||
| 250 | _a3rd | ||
| 260 |
_aNew York _bMcGrawHill Book Company _c1975 |
||
| 300 |
_a[x] , 597p . : _bill , 22cm . _cBusiness . |
||
| 500 | _aIncludes Index . | ||
| 650 | _aBusiness | ||
| 650 | _aBusiness | ||
| 700 | _aKeith Davis/Robert L.Blomstrom | ||
| 856 |
_k0 _l0 _yDownload |
||
| 942 |
_2ddc _cBK |
||
| 999 |
_c4867 _d4867 |
||